Kamus pelajar lengkap

Bibliographic Details
Main Author: Mohd. Salleh Daud (Author)
Format: Book
Language:Malay
Published: Kuala Lumpur : Federal Publications 1993
Subjects:

MARC

LEADER 00000cam a2200000 7i4500
001 0000003367
005 20240926.0
008 991203 my a may
020 |a 9679142493 (pbk) 
040 |a INS   |b eng   |e rda 
090 0 0 |a RPL5125   |b .M64 1993 
100 0 |a Mohd. Salleh Daud ,   |e author 
245 1 0 |a Kamus pelajar lengkap   |c penyusun oleh Mohd. Salleh Daud 
264 1 |a Kuala Lumpur :   |b Federal Publications   |c 1993 
300 |a xv, 535 pages :   |b illustrations ;   |c 21 cm. 
336 |a text  |2 rdacontent 
337 |a unmediated  |2 rdamedia 
338 |a volume  |2 rdacarrier 
650 0 |a English language   |x Dictionaries   |x Malay 
650 0 |a Malay language   |x Dictionaries   |x English language 
999 |a 0000005500   |b BOOK   |c Red Spot   |e Default branch